Statistics for Both a Movie and Song Title

Click here to take the quiz!

General Stats

  • This quiz has been taken 75 times
  • The average score is 8 of 17

Answer Stats

Movie Cast Singer Title % Correct
Julia Roberts, Richard Gere (1990)Roy Orbison (1964), Van Halen (1982)Pretty Woman
90%
Jason Biggs, Alyson Hannigan, Seann William Scott (1999)Don McLean (1971)American Pie
87%
River Phoenix, Wil Wheaton, Corey Feldman (1986)Ben E King (1962)Stand By Me
82%
Robert Downey Jr, Gwyneth Paltrow (2008)Black Sabbath (1970)Iron Man
80%
Kevin Spacey, Annettte Bening, Mena Suvari (1999)Grateful Dead (album title) (1970)American Beauty
77%
Reese Witherspoon, Patrick Dempsey (2002)Lynyrd Skynyrd (1974)Sweet Home Alabama
69%
Boris Karloff, Colin Clive (1931)Edgar Winter (1973)Frankenstein
39%
Matthew McConaughey, Ben Affleck (1993)Led Zeppelin (1969)Dazed and Confused
38%
Jimmy Stewart, Kim Novak (1958)U2 (2004)Vertigo
34%
Richard Pryor, George Carlin, Franklyn Ajaye (1976)Rose Royce (1976)Car Wash
31%
Peter Sellers, Peter O'Toole, Woody Allen (1965)Tom Jones (1965)What's New Pussycat?
30%
Raymond Burr (1956), Matthew Broderick (1998), Bryan Cranston (2014)Blue Oyster Cult (1977)Godzilla
28%
Hilary Swank, Gerald Butler (2007)The Beatles (1963)PS I Love You
25%
Burt Lancaster, Deborah Kerr, Frank Sinatra (1953)Iron Maiden (1992)From Here to Eternity
21%
Hailee Steinfeld, Blake Jenner (2016)Stevie Nicks (1981)Edge of Seventeen
20%
Jim Sturgess, Evan Rachel Wood (2007)The Beatles (1970)Across the Universe
13%
William Petersen, Willem Dafoe (1985)Wang Chung (1985)To Live and Die in LA
10%

Score Distribution

Percentile by Number Answered

Percent of People with Each Score

Your Score History

You have not taken this quiz